[Event "Titled Tuesday intern op 27th Feb Late"]
[Site "Chess.com INT"]
[Date "2024.02.27"]
[Round "4"]
[White "Postny, Evgeny"]
[Black "Zdybel, Przemyslaw"]
[Result "1-0"]
[WhiteElo "2597"]
[BlackElo "2357"]
[PlyCount "113"]
[EventDate "2024.02.27"]
[EventType "swiss (blitz)"]
[EventRounds "11"]
[EventCountry "USA"]
[SourceTitle "CB10_2024"]
[SourceDate "2024.03.06"]
[SourceVersion "1"]
[SourceVersionDate "2024.03.06"]
[SourceQuality "1"]

1. e4 e6 2. d4 d5 3. Nd2 c5 4. exd5 Qxd5 5. Ngf3 cxd4 6. Bc4 Qd7 7. 0-0 Nc6 8. Nb3 a6 9. Nfxd4 Nxd4 10. Qxd4 Qxd4 11. Nxd4 Bd7 12. Be2 0-0-0 13. a4 e5 14. Nb3 Nf6 15. Be3 Nd5 16. Bd2 Be6 17. Rfd1 Kb8 18. Ba5 Rc8 19. Rac1 Nb4 20. Bxb4 Bxb4 21. Nd2 f6 22. c3 Be7 23. a5 Rc5 24. b4 Rc7 25. Nb1 Rhc8 26. b5 axb5 27. Bxb5 Rd8 28. Rxd8+ Bxd8 29. Rd1 Kc8 30. a6 b6 31. c4 Be7 32. Nd2 Kb8 33. Rb1 Ka7 34. Kf1 f5 35. Ke2 e4 36. Rb3 Bg5 37. Rg3 Bf6 38. h3 g5 39. Rb3 Be7 40. Ke1 Bc5 41. g4 Re7 42. gxf5 Bxf5 43. Nf1 Be6 44. Ne3 Rf7 45. Rb2 Bxh3 46. Rd2 Be6 47. Rd8 Rc7 48. Re8 Bc8 49. Nd5 Bd7 50. Nxc7 Bxe8 51. Bxe8 g4 52. Bc6 e3 53. fxe3 Bxe3 54. Bb7 g3 55. Nb5+ Kb8 56. Bg2 Bf2+ 57. Ke2 1-0

[Event "Titled Tuesday intern op 27th Feb Late"]
[Site "Chess.com INT"]
[Date "2024.02.27"]
[Round "5"]
[White "Zdybel, Przemyslaw"]
[Black "Mazurkiewicz, Michal"]
[Result "1-0"]
[WhiteElo "2357"]
[BlackElo "2145"]
[PlyCount "87"]
[EventDate "2024.02.27"]
[EventType "swiss (blitz)"]
[EventRounds "11"]
[EventCountry "USA"]
[SourceTitle "CB10_2024"]
[SourceDate "2024.03.06"]
[SourceVersion "1"]
[SourceVersionDate "2024.03.06"]
[SourceQuality "1"]

1. Nf3 Nf6 2. d4 g6 3. Bg5 Bg7 4. Nbd2 d5 5. e3 c6 6. Bd3 Qb6 7. Rb1 0-0 8. 0-0 Nbd7 9. Re1 h6 10. Bf4 g5 11. Bg3 Nh5 12. c3 Nxg3 13. hxg3 e5 14. dxe5 Nxe5 15. Nxe5 Bxe5 16. e4 Bxg3 17. Qf3 Bf4 18. Nf1 dxe4 19. Qxe4 f5 20. Qe7 Qc7 21. Bc4+ Be6 22. Bxe6+ Kh8 23. Qxc7 Bxc7 24. Rbd1 Bb6 25. Rd7 Rae8 26. Rdd1 g4 27. Bc4 Rxe1 28. Rxe1 f4 29. Nd2 g3 30. Ne4 h5 31. Kf1 h4 32. f3 Rf5 33. Be6 Rb5 34. b3 Re5 35. Bh3 Ba5 36. Rd1 b5 37. Rd6 Rd5 38. Rxd5 cxd5 39. Nf6 Bxc3 40. Nxd5 Be5 41. Ke2 Kg8 42. Kd3 Kf7 43. Ke4 Bd6 44. Nxf4 1-0

[Event "Marianske Lazne IM-B1 22nd"]
[Site "Marianske Lazne"]
[Date "2024.01.19"]
[Round "8"]
[White "Jurek, Josef"]
[Black "Zdybel, Przemyslaw"]
[Result "0-1"]
[WhiteElo "2242"]
[BlackElo "2180"]
[PlyCount "144"]
[EventDate "2024.01.13"]
[EventType "tourn"]
[EventRounds "9"]
[EventCountry "CZE"]
[EventCategory "1"]
[SourceTitle "CB04_2024"]
[SourceDate "2023.10.16"]
[SourceVersion "1"]
[SourceVersionDate "2023.10.16"]
[SourceQuality "1"]

1. Nf3 Nf6 2. b3 g6 3. Bb2 Bg7 4. g3 0-0 5. Bg2 d6 6. d4 Nbd7 7. 0-0 c6 8. Nbd2 d5 9. Re1 Nb6 10. e4 dxe4 11. Nxe4 Nxe4 12. Rxe4 Bf5 13. Re1 Bg4 14. h3 Bxf3 15. Qxf3 e6 16. Rad1 Nd5 17. c4 Nb6 18. h4 Qf6 19. Qe4 Rad8 20. Rd3 Rd7 21. Red1 Rfd8 22. Bc3 Qe7 23. Ba5 Re8 24. Qe3 Nc8 25. d5 exd5 26. cxd5 Qxe3 27. fxe3 b6 28. Be1 c5 29. g4 Nd6 30. Bf2 f5 31. gxf5 gxf5 32. Bf3 Be5 33. Kg2 b5 34. Rc1 c4 35. bxc4 bxc4 36. Rdd1 c3 37. Kh3 Rc7 38. Rc2 Nc4 39. d6 Nxd6 40. Be1 Nb5 41. Rd5 Na3 42. Rc1 c2 43. Bd2 Rg7 44. Rxe5 Rxe5 45. Bc3 Rb5 46. Rf1 Rc7 47. Bd2 Rb1 48. Bd5+ Kg7 49. Bc1 Rd7 50. e4 fxe4 51. Bb3 Rxb3+ 52. axb3 Rd1 53. Bb2+ Kg8 54. Rf4 c1Q 55. Bxc1 Rxc1 56. Rxe4 Rc3+ 57. Kg4 Rxb3 58. Re7 a5 59. h5 Rb4+ 60. Kg5 Rb5+ 61. Kh6 Rb6+ 62. Kg5 h6+ 63. Kf5 Ra6 64. Rb7 a4 65. Rb8+ Kf7 66. Rb7+ Kf8 67. Rb8+ Ke7 68. Rb7+ Kd8 69. Rb8+ Kd7 70. Rg8 Nb5 71. Rg7+ Kc8 72. Rg6 Nc7 0-1

[Event "Marianske Lazne IM-B1 22nd"]
[Site "Marianske Lazne"]
[Date "2024.01.17"]
[Round "6"]
[White "Zdybel, Przemyslaw"]
[Black "Hak, David"]
[Result "1-0"]
[WhiteElo "2180"]
[BlackElo "2310"]
[PlyCount "111"]
[EventDate "2024.01.13"]
[EventType "tourn"]
[EventRounds "9"]
[EventCountry "CZE"]
[EventCategory "1"]
[SourceTitle "CB04_2024"]
[SourceDate "2023.10.16"]
[SourceVersion "1"]
[SourceVersionDate "2023.10.16"]
[SourceQuality "1"]

1. d4 Nf6 2. c4 e6 3. Nc3 Bb4 4. e3 c5 5. Nge2 cxd4 6. exd4 0-0 7. a3 Be7 8. d5 exd5 9. cxd5 Bc5 10. b4 Bb6 11. Ng3 Re8+ 12. Be2 Ng4 13. Nge4 Nxf2 14. Nxf2 Qf6 15. Nfe4 Rxe4 16. Nxe4 Qxa1 17. Qc2 Na6 18. Qb2 Qxb2 19. Bxb2 Nc7 20. Bc4 d6 21. Nxd6 Bg4 22. Rf1 Bh5 23. Nxb7 Re8+ 24. Kd2 Be3+ 25. Kc2 Bg6+ 26. Kb3 Rb8 27. Na5 Rd8 28. Nc6 Rd7 29. Ne5 Rd6 30. Nxg6 hxg6 31. Re1 Bb6 32. a4 Bf2 33. Re2 Bh4 34. Be5 Rd7 35. d6 Ne6 36. Bxe6 fxe6 37. Rc2 Bd8 38. b5 Kf7 39. Kb4 Ke8 40. a5 Rf7 41. Rc6 Rf5 42. Bg3 Rf1 43. Ra6 Rb1+ 44. Kc4 Rc1+ 45. Kd3 Rd1+ 46. Ke4 Rd5 47. Rxa7 Rxb5 48. a6 Ra5 49. Bf2 Ra2 50. d7+ Kf7 51. Bc5 Ra4+ 52. Kd3 Ra1 53. Ra8 Rd1+ 54. Kc4 Rxd7 55. a7 Be7 56. Rc8 1-0

[Event "Krakow op-A 34th"]
[Site "Krakow"]
[Date "2024.01.03"]
[Round "8"]
[White "Zdybel, Przemyslaw"]
[Black "Baum, Jonasz"]
[Result "0-1"]
[WhiteElo "2180"]
[BlackElo "2421"]
[PlyCount "56"]
[EventDate "2023.12.27"]
[EventType "swiss"]
[EventRounds "9"]
[EventCountry "POL"]
[SourceTitle "CB02_2024"]
[SourceDate "2024.01.10"]
[SourceVersion "1"]
[SourceVersionDate "2024.01.10"]
[SourceQuality "1"]

1. e4 e5 2. Nf3 Nc6 3. Bb5 a6 4. Ba4 Nf6 5. 0-0 b5 6. Bb3 Bc5 7. a4 Rb8 8. axb5 axb5 9. d3 d6 10. c3 0-0 11. Bg5 h6 12. Bh4 g5 13. Bg3 Kg7 14. d4 Bb6 15. Bd5 Nxd5 16. exd5 Ne7 17. dxe5 dxe5 18. Bxe5+ f6 19. Bd4 Nxd5 20. Bxb6 Rxb6 21. Ra8 Qd7 22. Nd4 Nf4 23. f3 c5 24. Nb3 Rd6 25. N1d2 c4 26. Nd4 Rxd4 27. cxd4 Qxd4+ 28. Kh1 Bh3 0-1

[Event "Krakow op-A 34th"]
[Site "Krakow"]
[Date "2023.12.27"]
[Round "1"]
[White "Dzida, Kamil"]
[Black "Zdybel, Przemyslaw"]
[Result "1-0"]
[WhiteElo "2396"]
[BlackElo "2180"]
[PlyCount "55"]
[EventDate "2023.12.27"]
[EventType "swiss"]
[EventRounds "9"]
[EventCountry "POL"]
[SourceTitle "CB02_2024"]
[SourceDate "2024.01.10"]
[SourceVersion "1"]
[SourceVersionDate "2024.01.10"]
[SourceQuality "1"]

1. e4 e6 2. d4 d5 3. Nd2 Nd7 4. Ngf3 dxe4 5. Nxe4 Ngf6 6. Nxf6+ Nxf6 7. Be3 Bd6 8. Bd3 b6 9. Ne5 Bxe5 10. dxe5 Nd5 11. Qg4 Kf8 12. Bg5 Qe8 13. c4 Nb4 14. Be4 Rb8 15. Rd1 Bd7 16. 0-0 h6 17. Bf6 gxf6 18. exf6 Rg8 19. Qf4 Qc8 20. Qxh6+ Ke8 21. Rfe1 Bc6 22. Qh7 Kf8 23. a3 Bxe4 24. Rxe4 Nc6 25. Qh6+ Ke8 26. Rg4 Rf8 27. Rh4 Rg8 28. Qg7 1-0

[Event "POL-ch Rapid U18"]
[Site "Bydgoszcz"]
[Date "2023.08.29"]
[Round "4"]
[White "Luczak, Filip"]
[Black "Zdybel, Przemyslaw"]
[Result "1-0"]
[WhiteElo "2275"]
[BlackElo "1960"]
[PlyCount "65"]
[EventDate "2023.08.28"]
[EventType "swiss"]
[EventRounds "11"]
[EventCountry "POL"]
[SourceTitle "EXT 2024"]
[Source "ChessBase"]
[SourceDate "2023.10.10"]
[SourceVersion "1"]
[SourceVersionDate "2023.10.10"]
[SourceQuality "1"]

1. d4 Nf6 2. Nc3 d5 3. Bf4 a6 4. e3 c5 5. dxc5 e6 6. Nf3 Bxc5 7. Bd3 0-0 8. 0-0 Nc6 9. e4 d4 10. Ne2 Qb6 11. Rb1 a5 12. a3 Nh5 13. e5 Nxf4 14. Nxf4 f6 15. Re1 Bd7 16. exf6 Rxf6 17. Nh5 Rh6 18. Ng5 Bf8 19. Qg4 Qd8 20. Nxe6 Qe7 21. Bc4 Kh8 22. Nhf4 Re8 23. Re2 Qf6 24. Rbe1 Bd6 25. g3 Ne5 26. Rxe5 Bxe5 27. Re4 Bxe6 28. Nxe6 Rg6 29. Qe2 Bb8 30. Nf4 Rxe4 31. Qxe4 Qe5 32. Nxg6+ hxg6 33. Qh4+ 1-0

[Event "POL-ch Rapid U18"]
[Site "Bydgoszcz"]
[Date "2023.08.29"]
[Round "6"]
[White "Zdybel, Przemyslaw"]
[Black "Kacprzak, Kacper"]
[Result "0-1"]
[WhiteElo "1960"]
[BlackElo "2302"]
[PlyCount "126"]
[EventDate "2023.08.28"]
[EventType "swiss"]
[EventRounds "11"]
[EventCountry "POL"]
[SourceTitle "EXT 2024"]
[Source "ChessBase"]
[SourceDate "2023.10.10"]
[SourceVersion "1"]
[SourceVersionDate "2023.10.10"]
[SourceQuality "1"]

1. e4 c5 2. Nc3 d6 3. Nge2 a6 4. d4 cxd4 5. Nxd4 Nf6 6. h3 e6 7. g4 h6 8. Rg1 Be7 9. Be3 Nc6 10. Qd2 Nd7 11. 0-0-0 Nde5 12. Be2 g5 13. h4 Rg8 14. hxg5 hxg5 15. Rh1 Bd7 16. Rh5 Nxd4 17. Qxd4 Qc7 18. Qd2 f6 19. Rh7 Bc6 20. f4 gxf4 21. Bxf4 0-0-0 22. Rg1 Rd7 23. Qe3 Bd8 24. Rh6 Rdg7 25. Qh3 Kb8 26. Kb1 Qf7 27. Bxe5 dxe5 28. Rf1 Rg6 29. Rh7 R6g7 30. Rh6 Rg6 31. Qh5 Be8 32. Rd1 Ba5 33. Rxg6 Rxg6 34. Bc4 Qe7 35. Bb3 Rg5 36. Qh3 Ka7 37. Qf3 Bc6 38. Na4 Rg8 39. Qe3+ Ka8 40. Nb6+ Kb8 41. Nc4 Bc7 42. Qf3 Rf8 43. Ne3 Bb6 44. Nc4 Bc7 45. Ne3 Re8 46. Rf1 Bd8 47. a3 Qh7 48. Rd1 Bxe4 49. Qg3 Bc7 50. Rf1 Qg7 51. Qf2 Qg5 52. Ba4 Rf8 53. Qe2 f5 54. Bb3 Qe7 55. Qc4 Bb6 56. gxf5 exf5 57. Ng4 Rc8 58. Qe2 Ka7 59. Ka2 Qc5 60. c3 Rd8 61. Nf2 Bg2 62. Nd3 Bxf1 63. Qxf1 Qd6 0-1

[Event "POL-ch Rapid U18"]
[Site "Bydgoszcz"]
[Date "2023.08.29"]
[Round "3"]
[White "Zdybel, Przemyslaw"]
[Black "Poltorak, Sebastian"]
[Result "1-0"]
[WhiteElo "1960"]
[BlackElo "2207"]
[PlyCount "97"]
[EventDate "2023.08.28"]
[EventType "swiss"]
[EventRounds "11"]
[EventCountry "POL"]
[SourceTitle "EXT 2024"]
[Source "ChessBase"]
[SourceDate "2023.10.10"]
[SourceVersion "1"]
[SourceVersionDate "2023.10.10"]
[SourceQuality "1"]

1. Nf3 c5 2. e4 e6 3. d3 Nc6 4. g3 d5 5. Nbd2 Bd6 6. Bg2 Nge7 7. 0-0 0-0 8. Re1 Qc7 9. Qe2 f6 10. c3 Bd7 11. a3 a5 12. d4 cxd4 13. cxd4 Qb6 14. Qd3 Rad8 15. Bh3 e5 16. Bxd7 Rxd7 17. exd5 Nxd4 18. Nxd4 Qxd4 19. Qb5 Bc5 20. Ne4 Rxd5 21. Qxb7 Nf5 22. Qc6 Bd6 23. Qd7 g6 24. Nc3 Rc5 25. Be3 Nxe3 26. fxe3 Qd2 27. Ne4 Qc2 28. Qxd6 Rc6 29. Qd5+ Kg7 30. Rad1 Rc7 31. Rd2 Qc4 32. Qxc4 Rxc4 33. Rd7+ Kh6 34. Nc3 Rb8 35. Re2 f5 36. Rd5 e4 37. Rxa5 Kg5 38. h3 h5 39. h4+ Kg4 40. Kg2 g5 41. hxg5 Kxg5 42. Rf2 Rf8 43. Rf4 Kg6 44. a4 Rf7 45. Rb5 Rc6 46. a5 Rd6 47. Rb6 Rff6 48. Rxd6 Rxd6 49. Rf2 1-0

[Event "Ustron op-A"]
[Site "Ustron"]
[Date "2023.08.14"]
[Round "4"]
[White "Zdybel, Przemyslaw"]
[Black "Kulon, Klaudia"]
[Result "0-1"]
[WhiteElo "2223"]
[BlackElo "2320"]
[PlyCount "20"]
[EventDate "2023.08.11"]
[EventType "swiss"]
[EventRounds "9"]
[EventCountry "POL"]
[SourceTitle "CBM 215 Extra"]
[Source "ChessBase"]
[SourceDate "2023.09.30"]
[SourceVersion "1"]
[SourceVersionDate "2023.09.30"]
[SourceQuality "1"]

1. e4 d5 2. exd5 Qxd5 3. Nc3 Qd8 4. d4 Nf6 5. Nf3 g6 6. Bc4 Bg7 7. 0-0 0-0 8. h3 Nc6 9. Be3 b6 10. Re1 Bb7 0-1

[Event "POL-ch U18"]
[Site "Jastrzebia Gora"]
[Date "2023.??.??"]
[Round "3"]
[White "Zdybel, Przemyslaw"]
[Black "Jedraszek, Pawel"]
[Result "1-0"]
[WhiteElo "2268"]
[BlackElo "1944"]
[PlyCount "81"]
[EventDate "2023.03.11"]
[EventType "swiss"]
[EventRounds "9"]
[EventCountry "POL"]
[SourceTitle "CBM 213 Extra"]
[Source "ChessBase"]
[SourceDate "2023.05.31"]
[SourceVersion "1"]
[SourceVersionDate "2023.05.31"]
[SourceQuality "1"]

1. e4 c5 2. Nc3 a6 3. g3 b5 4. Bg2 Bb7 5. d3 e6 6. Nh3 b4 7. Ne2 d5 8. 0-0 dxe4 9. dxe4 Qxd1 10. Rxd1 Nf6 11. e5 Bxg2 12. Kxg2 Nfd7 13. f4 Be7 14. Nf2 Nc6 15. c4 Kd8 16. Be3 Kc7 17. Ne4 Na5 18. b3 h6 19. Nd6 Bxd6 20. Rxd6 Nb7 21. Rdd1 Kc6 22. h3 f6 23. exf6 gxf6 24. Rd2 h5 25. Rad1 Rh7 26. f5 exf5 27. Nf4 Ne5 28. Nd5 Rf8 29. Bf4 Ng6 30. Re1 Nxf4+ 31. Nxf4 Kb6 32. Rd5 h4 33. gxh4 Rg8+ 34. Kf3 Rxh4 35. Rxf5 Nd8 36. Rxf6+ Nc6 37. Ree6 Ka5 38. Kf2 Rg5 39. Rd6 Re5 40. Ng6 Rf5+ 41. Rxf5 1-0

[Event "Warsaw-ch op"]
[Site "Warsaw"]
[Date "2022.12.06"]
[Round "6"]
[White "Zdybel, Przemyslaw"]
[Black "Chomczyk, Marek"]
[Result "1/2-1/2"]
[WhiteElo "2092"]
[BlackElo "2327"]
[PlyCount "134"]
[EventDate "2022.12.03"]
[EventType "swiss"]
[EventRounds "9"]
[EventCountry "POL"]
[SourceTitle "EXT 2024"]
[Source "ChessBase"]
[SourceDate "2023.10.10"]
[SourceVersion "1"]
[SourceVersionDate "2023.10.10"]
[SourceQuality "1"]

1. e4 c5 2. Nc3 Nc6 3. Nf3 g6 4. Bb5 Nd4 5. Nxd4 cxd4 6. Ne2 Nf6 7. Bd3 Bg7 8. f4 e5 9. 0-0 0-0 10. fxe5 Ng4 11. Bc4 d3 12. cxd3 Qb6+ 13. d4 Bxe5 14. g3 Bxd4+ 15. Kg2 d6 16. Qb3 Qxb3 17. Bxb3 Bg7 18. Nf4 Nf6 19. d3 Bd7 20. Bd2 Bb5 21. Bc3 Ng4 22. Rae1 Rac8 23. Nd5 Bxc3 24. bxc3 Bxd3 25. Rf4 Ne5 26. Ne7+ Kg7 27. Nxc8 Rxc8 28. Bd5 b5 29. a4 Rxc3 30. axb5 Bxb5 31. Ra1 a6 32. Bb7 Nd3 33. Rf3 Rc7 34. Bd5 Nb4 35. Bb3 Bc6 36. Rc1 Re7 37. Bd5 Bb5 38. Rc8 f5 39. Rg8+ Kh6 40. Rf4 Nxd5 41. exd5 Be8 42. Rb4 Bf7 43. Rd8 Bxd5+ 44. Kf2 Rc7 45. Rxd6 Rc2+ 46. Kg1 Be4 47. Rxa6 Kg5 48. Raa4 Rg2+ 49. Kf1 Rxh2 50. Rxe4 fxe4 51. Rxe4 Kf5 52. Rf4+ Kg5 53. Kg1 Re2 54. Kf1 Rd2 55. Kg1 Kh5 56. Rh4+ Kg5 57. Rf4 Kh6 58. Rh4+ Kg7 59. Rc4 Kf6 60. Rf4+ Ke5 61. Rf7 h5 62. Rf8 g5 63. Rf7 Ke4 64. Rf8 Ra2 65. Rf7 Ke3 66. Rf8 g4 67. Rf7 Ra1+ 1/2-1/2

[Event "Warsaw-ch op"]
[Site "Warsaw"]
[Date "2022.12.04"]
[Round "4"]
[White "Terkiewicz, Bruno"]
[Black "Zdybel, Przemyslaw"]
[Result "0-1"]
[WhiteElo "1824"]
[BlackElo "2092"]
[PlyCount "102"]
[EventDate "2022.12.03"]
[EventType "swiss"]
[EventRounds "9"]
[EventCountry "POL"]
[SourceTitle "EXT 2024"]
[Source "ChessBase"]
[SourceDate "2023.10.10"]
[SourceVersion "1"]
[SourceVersionDate "2023.10.10"]
[SourceQuality "1"]

1. d4 Nf6 2. c4 g6 3. Nc3 d5 4. cxd5 Nxd5 5. Bd2 Bg7 6. e4 Nb6 7. Be3 0-0 8. h3 e5 9. Nf3 exd4 10. Bxd4 Be6 11. Bxg7 Kxg7 12. Be2 Nc6 13. 0-0 Qe7 14. Qc1 f6 15. Bb5 Ne5 16. Nd4 Rad8 17. Nxe6+ Qxe6 18. Rd1 c6 19. Bf1 Rd7 20. Rxd7+ Qxd7 21. Qe3 Rd8 22. Rd1 Qe7 23. Rd4 Rd7 24. Ne2 Nec4 25. Qc3 Nd6 26. Qc2 Qe5 27. b4 Re7 28. f4 Qe6 29. Nc3 Nbc4 30. Na4 b5 31. Nc5 Qf7 32. Qc3 Qe8 33. e5 fxe5 34. fxe5 Nf5 35. e6 Nxd4 36. Qxd4+ Kg8 37. Bxc4 bxc4 38. Qxc4 Qf8 39. Qe4 Qf6 40. Qxc6 Qa1+ 41. Kh2 Qe5+ 42. Kg1 Qd4+ 43. Kh1 Qxb4 44. Qd6 Re8 45. Qe5 Qb1+ 46. Kh2 Qb8 47. Qxb8 Rxb8 48. Nd7 Rb2 49. Nf6+ Kf8 50. Nxh7+ Ke7 51. Ng5 Rxa2 0-1

[Event "Warsaw-ch op"]
[Site "Warsaw"]
[Date "2022.12.04"]
[Round "3"]
[White "Zdybel, Przemyslaw"]
[Black "Rylski, Tadeusz"]
[Result "1-0"]
[WhiteElo "2092"]
[BlackElo "1754"]
[PlyCount "61"]
[EventDate "2022.12.03"]
[EventType "swiss"]
[EventRounds "9"]
[EventCountry "POL"]
[SourceTitle "EXT 2024"]
[Source "ChessBase"]
[SourceDate "2023.10.10"]
[SourceVersion "1"]
[SourceVersionDate "2023.10.10"]
[SourceQuality "1"]

1. e4 e5 2. Nf3 Nc6 3. Bb5 a6 4. Ba4 Nf6 5. 0-0 Be7 6. Re1 b5 7. Bb3 0-0 8. c3 d6 9. h3 Na5 10. Bc2 c5 11. d4 Qc7 12. Nbd2 cxd4 13. cxd4 Bb7 14. d5 Rfc8 15. Bd3 Nc4 16. Nf1 Qd7 17. Qe2 Bf8 18. Bg5 Ne8 19. Ng3 Nb6 20. Nh2 Na4 21. Ng4 Nc5 22. Bc2 a5 23. Qd2 b4 24. Be3 Ba6 25. f4 f6 26. Nf5 Qb5 27. Rad1 Rc7 28. fxe5 fxe5 29. Qf2 Rac8 30. Rf1 Kh8 31. Nxd6 1-0

[Event "Warsaw Najdorf Memorial op-A"]
[Site "Warsaw"]
[Date "2022.07.10"]
[Round "2"]
[White "Zdybel, Przemyslaw"]
[Black "Michalska, Aleksandra"]
[Result "1-0"]
[WhiteElo "2026"]
[BlackElo "1814"]
[PlyCount "103"]
[EventDate "2022.07.09"]
[EventType "swiss"]
[EventRounds "9"]
[EventCountry "POL"]
[SourceTitle "CBM 209 Extra"]
[Source "ChessBase"]
[SourceDate "2022.09.30"]
[SourceVersion "1"]
[SourceVersionDate "2022.09.30"]
[SourceQuality "1"]

1. e4 g6 2. d4 Bg7 3. Nc3 d6 4. Be3 Nf6 5. Qd2 Ng4 6. Bf4 e5 7. dxe5 Nxe5 8. 0-0-0 Nbc6 9. Bg5 f6 10. Bh6 Bxh6 11. Qxh6 Qd7 12. h3 Qf7 13. Nd5 Nd8 14. f4 Nec6 15. Nf3 Be6 16. g4 Kd7 17. f5 Bxd5 18. exd5 Ne5 19. Nxe5+ dxe5 20. Bd3 Rg8 21. fxg6 hxg6 22. Rhf1 Ke7 23. Qe3 Qxd5 24. Be4 Qb5 25. Bd5 Ne6 26. g5 Nxg5 27. Qa3+ c5 28. Bxg8 Rxg8 29. Qxa7 Ne6 30. a4 Qc6 31. Rd3 Rd8 32. Rb3 Rd7 33. Kb1 Qg2 34. Rc1 g5 35. Rb6 Qd5 36. a5 c4 37. Qa8 Nd8 38. Rf1 f5 39. Rg6 c3 40. Rg7+ Kf6 41. Rxd7 Qxd7 42. a6 bxa6 43. Qxa6+ Qc6 44. Qd3 Qc8 45. b4 f4 46. h4 gxh4 47. Rg1 Nf7 48. Rg6+ Ke7 49. Rg7 Qc6 50. b5 Qb7 51. Rxf7+ Kxf7 52. Qh7+ 1-0

[Event "Warsaw Najdorf Memorial op-A"]
[Site "Warsaw"]
[Date "2022.07.09"]
[Round "1"]
[White "Skrzypczynski, Kacper"]
[Black "Zdybel, Przemyslaw"]
[Result "1/2-1/2"]
[WhiteElo "1793"]
[BlackElo "2026"]
[PlyCount "70"]
[EventDate "2022.07.09"]
[EventType "swiss"]
[EventRounds "9"]
[EventCountry "POL"]
[SourceTitle "CBM 209 Extra"]
[Source "ChessBase"]
[SourceDate "2022.09.30"]
[SourceVersion "1"]
[SourceVersionDate "2022.09.30"]
[SourceQuality "1"]

1. d4 Nf6 2. Bg5 d5 3. e3 c5 4. Nf3 Nc6 5. c3 Bf5 6. Nh4 Bg6 7. Nxg6 hxg6 8. Bxf6 gxf6 9. dxc5 e6 10. b4 a5 11. Bb5 f5 12. a3 Bg7 13. Bxc6+ bxc6 14. Ra2 g5 15. Qe2 g4 16. c4 Qb8 17. b5 Rxh2 18. Rxh2 Qxh2 19. cxd5 exd5 20. Qd3 Qh1+ 21. Ke2 g3 22. Qxf5 Qxg2 23. a4 Qh2 24. Qf4 Qh5+ 25. Qf3 Qg6 26. Qxg3 Qxb1 27. Qxg7 Qxa2+ 28. Kf3 0-0-0 29. Qf6 Rd7 30. Qxc6+ Kd8 31. Qf6+ Re7 32. Qd6+ Ke8 33. Qb8+ Kd7 34. Qd6+ Ke8 35. Qb8+ Kd7 1/2-1/2

[Event "POL-ch U16"]
[Site "Sypniewo"]
[Date "2022.03.27"]
[Round "9"]
[White "Zdybel, Przemyslaw"]
[Black "Myrmus, Mateusz"]
[Result "1-0"]
[WhiteElo "2008"]
[BlackElo "1925"]
[PlyCount "135"]
[EventDate "2022.03.19"]
[EventType "swiss"]
[EventRounds "9"]
[EventCountry "POL"]
[SourceTitle "CBM 207 Extra"]
[Source "ChessBase"]
[SourceDate "2022.05.31"]
[SourceVersion "1"]
[SourceVersionDate "2022.05.31"]
[SourceQuality "1"]

1. e4 c6 2. Nf3 d5 3. Nc3 Bg4 4. h3 Bxf3 5. Qxf3 e6 6. d3 Nd7 7. Bd2 Ngf6 8. g4 g6 9. 0-0-0 Bg7 10. Qe2 d4 11. Nb1 Qb6 12. h4 h5 13. g5 Ng8 14. f4 0-0-0 15. f5 exf5 16. exf5 gxf5 17. Bh3 Qc5 18. Rde1 Bf8 19. Rhf1 Ne7 20. a3 Qd5 21. Bb4 c5 22. Ba5 Nb6 23. Nd2 Rd6 24. Bg2 Qe6 25. Qf3 Qd7 26. Bxb6 Rxb6 27. Nc4 Re6 28. Ne5 Qc7 29. Nxf7 Rxe1+ 30. Rxe1 Rh7 31. g6 Rg7 32. Ng5 Rxg6 33. Ne6 Bh6+ 34. Kb1 Qc6 35. Qxc6+ Nxc6 36. Bh3 Be3 37. Bxf5 Rg1 38. Nxd4+ Kc7 39. Rxg1 Bxg1 40. Nf3 Bf2 41. c3 Kd6 42. Be4 Ne5 43. Nxe5 Kxe5 44. Bxb7 Kf4 45. Kc2 Bxh4 46. Kb3 Ke5 47. Bf3 Kd6 48. Bxh5 Bg5 49. Bf3 Bc1 50. Bg2 Kc7 51. Kc2 Bf4 52. b4 Kb6 53. bxc5+ Kxc5 54. Kb3 Bc1 55. a4 a5 56. d4+ Kd6 57. Kc4 Bd2 58. Kd3 Be1 59. c4 Bf2 60. c5+ Kc7 61. Kc4 Bg1 62. d5 Kd7 63. Bh3+ Kc7 64. d6+ Kc6 65. Bg2+ Kd7 66. Kd5 Kd8 67. c6 Bb6 68. Bh3 1-0

[Event "POL-ch U16"]
[Site "Sypniewo"]
[Date "2022.03.26"]
[Round "8"]
[White "Czernecki, Andrzej"]
[Black "Zdybel, Przemyslaw"]
[Result "0-1"]
[WhiteElo "1848"]
[BlackElo "2008"]
[PlyCount "40"]
[EventDate "2022.03.19"]
[EventType "swiss"]
[EventRounds "9"]
[EventCountry "POL"]
[SourceTitle "CBM 207 Extra"]
[Source "ChessBase"]
[SourceDate "2022.05.31"]
[SourceVersion "1"]
[SourceVersionDate "2022.05.31"]
[SourceQuality "1"]

1. e4 c5 2. Nf3 d6 3. d4 cxd4 4. Nxd4 Nf6 5. Nc3 a6 6. h4 e5 7. Nb3 Be6 8. f4 exf4 9. Bxf4 Nc6 10. Qd2 d5 11. exd5 Nxd5 12. 0-0-0 Bb4 13. Bc4 Nxc3 14. Qe3 Nxd1 15. Rxd1 Qf6 16. Bd3 0-0 17. c3 Bxb3 18. axb3 Rfe8 19. Qg3 Bf8 20. Rf1 Ne5 0-1

[Event "POL-ch U16"]
[Site "Sypniewo"]
[Date "2022.03.25"]
[Round "7"]
[White "Zdybel, Przemyslaw"]
[Black "Fiszer, Bartosz"]
[Result "0-1"]
[WhiteElo "2008"]
[BlackElo "2226"]
[PlyCount "72"]
[EventDate "2022.03.19"]
[EventType "swiss"]
[EventRounds "9"]
[EventCountry "POL"]
[SourceTitle "CBM 207 Extra"]
[Source "ChessBase"]
[SourceDate "2022.05.31"]
[SourceVersion "1"]
[SourceVersionDate "2022.05.31"]
[SourceQuality "1"]

1. e4 c5 2. Nf3 Nc6 3. d4 cxd4 4. Nxd4 Nf6 5. Nc3 d6 6. Bg5 e6 7. Qd2 a6 8. f4 Bd7 9. 0-0-0 b5 10. Bxf6 gxf6 11. Kb1 b4 12. Nce2 Qb6 13. Nxc6 Bxc6 14. f5 e5 15. Ng3 h5 16. h4 Qc5 17. b3 Ke7 18. Bc4 Bh6 19. Qe2 Bb5 20. Rd3 Rac8 21. Nxh5 Bxc4 22. bxc4 Qxc4 23. g4 Rc5 24. Nxf6 Kxf6 25. g5+ Ke7 26. f6+ Ke8 27. gxh6 Rxh6 28. Qd2 Rxf6 29. h5 Qxe4 30. Re1 Qh4 31. Rd1 Rf2 32. Qe3 Rcxc2 33. Rb3 Qxh5 34. Rg1 Rg2 35. Rxb4 Rb2+ 36. Rxb2 Qg6+ 0-1

[Event "POL-ch U16"]
[Site "Sypniewo"]
[Date "2022.03.24"]
[Round "6"]
[White "Madajczak, Piotr"]
[Black "Zdybel, Przemyslaw"]
[Result "0-1"]
[WhiteElo "1902"]
[BlackElo "2008"]
[PlyCount "66"]
[EventDate "2022.03.19"]
[EventType "swiss"]
[EventRounds "9"]
[EventCountry "POL"]
[SourceTitle "CBM 207 Extra"]
[Source "ChessBase"]
[SourceDate "2022.05.31"]
[SourceVersion "1"]
[SourceVersionDate "2022.05.31"]
[SourceQuality "1"]

1. e4 c5 2. Nf3 d6 3. d4 cxd4 4. Nxd4 Nf6 5. Nc3 a6 6. Nb3 g6 7. f3 Nbd7 8. Be3 Bg7 9. Qd2 b5 10. Bh6 Bxh6 11. Qxh6 b4 12. Nd5 Nxd5 13. exd5 Nf6 14. 0-0-0 Bb7 15. Bd3 Bxd5 16. Rhe1 e6 17. Nd4 Qe7 18. Ne2 Kd7 19. Qd2 Rab8 20. Kb1 Rhc8 21. Ng3 a5 22. Be4 Rc5 23. Bxd5 Nxd5 24. Qe2 f5 25. Qa6 Rbc8 26. Rd2 R8c6 27. Qa8 Nc7 28. Qa7 e5 29. Nf1 f4 30. g3 Kc8 31. gxf4 Ra6 32. Qxc5 dxc5 33. Rxe5 Re6 0-1